| 000 | 01087nam a22003497a 4500 | ||
|---|---|---|---|
| 001 | BR2015005030 | ||
| 003 | BR-BrBNA | ||
| 005 | 20230928104721.0 | ||
| 007 | ta | ||
| 008 | 230509b bl.||||| |||| 00| 0 por d | ||
| 040 |
_aBR-BrBNA _bpor _cBiblioteca Nacional de Agricultura |
||
| 041 | _a(Por) | ||
| 072 |
_aL73 _b3580 _b5218 |
||
| 090 | _ 3580 BR2015005030 | ||
| 100 | 1 | _aVale Filho, V.R. do | |
| 100 | 1 | _aAugusto Pinto, P. | |
| 100 | 1 | _aFonseca, J. da | |
| 100 | 1 | _aSoares, L.C.O.V. | |
| 245 | 1 | _aPatologia do sêmen: diagnóstico andrológico e classificação de Bos Taurus e Bos Indicus quanto à fertilidade, para uso como reprodutores, em condições de Brasil. De um estudo em 1.088 touros | |
| 260 | 3 |
_a[np](Brasil): _c[nd]. |
|
| 300 | _a54 p. | ||
| 500 | _aPublished after 1976; Bibliography p. 47-54; 34 illus.; 9 tables | ||
| 650 | _aDIAGNÓSTICO | ||
| 650 | _aBOS TAURUS | ||
| 650 | _aBOS INDICUS | ||
| 650 | _aBOVINO | ||
| 650 | _aGADO ZEBU | ||
| 650 | _aTOURO | ||
| 650 | _aFERTILIDADE | ||
| 909 |
_a202309 _bLucia _c55 _dLucia Elande |
||
| 942 | _cBK | ||
| 999 |
_c81366 _d81366 |
||